| 000 | 01055cam a2200241 4500 | ||
|---|---|---|---|
| 001 | ABS64587 | ||
| 008 | 011008n2001 000 0 eng u | ||
| 035 | _a(Sirsi) u115023 | ||
| 100 | _aOsborne, H. | ||
| 245 | _aGet on board | ||
| 260 | _c2001 | ||
| 490 |
_aEstates Gazette _v(0140) 6 October 2001, 146-147(2) |
||
| 520 | _aLooks at advertising hoardings, which can help fill a development. Notes the difficulties of obtaining approval from local planning authorities for eye-catching hoarding proposals. The conventional way to get a hoaring proposal approved is to ensure it is not an advertisement, and that it forms part of an overall marketing strategy. Provides a useful checklist of points to be aware of before applying for consent to put up an advertising hoarding. | ||
| 590 | _aABS | ||
| 650 | _aHOARDINGS | ||
| 650 | _aADVERTISING | ||
| 650 | _aMARKETING | ||
| 650 | _aCOMPLIANCE | ||
| 650 | _aPERMITTED USE | ||
| 650 | _aDEVELOPMENT | ||
| 690 | _aENVIRONMENTAL AND LAND CONSULTANCY-PLANNING AND DEVELOPMENT | ||
| 942 | _n0 | ||
| 999 |
_c68502 _d68502 |
||